[Event "Gerthe- Kupferdreh"]
[Site "?"]
[Date "2022.11.06"]
[Round "4.5"]
[White "Stein, Daniel"]
[Black "Kalle, Yannis"]
[Result "1/2-1/2"]
[WhiteElo "1667"]
[BlackElo "1787"]
[PlyCount "44"]
[SourceDate "2022.10.02"]

1. d4 Nf6 2. Nf3 e6 3. e3 b6 4. Bd3 Bb7 5. O-O c5 6. c4 cxd4 7. exd4 d5 8. Nc3
Be7 9. Ne5 O-O 10. Re1 Nc6 11. cxd5 Nxd5 12. Nxd5 exd5 13. Nxc6 Bxc6 14. Bxh7+
Kxh7 15. Qc2+ Kg8 16. Qxc6 Rc8 17. Qa4 Bf6 18. Be3 Rc4 19. Qd1 Qd6 20. b3 Rc3
21. Qd2 Rfc8 22. Rac1 Qb4 1/2-1/2

[Event "Gerthe- Kupferdreh"]
[Site "?"]
[Date "2022.11.06"]
[Round "4.6"]
[White "Boost, Juergen"]
[Black "Leonov, Artem"]
[Result "1/2-1/2"]
[WhiteElo "1949"]
[BlackElo "1622"]
[PlyCount "40"]
[SourceDate "2022.10.02"]

1. e4 g6 2. d4 Bg7 3. Nf3 d6 4. c3 Nc6 5. Bd3 e5 6. d5 Nce7 7. c4 h6 8. Nc3 f5
9. h3 Nf6 10. Qe2 O-O 11. Bd2 fxe4 12. Nxe4 Bf5 13. Nxf6+ Rxf6 14. Bc3 Qd7 15.
Nd2 Raf8 16. f3 g5 17. Ne4 R6f7 18. Ng3 Re8 19. Bxf5 Nxf5 20. Nxf5 Qxf5 1/2-1/2

[Event "Gerthe- Kupferdreh"]
[Site "?"]
[Date "2022.11.06"]
[Round "4.7"]
[White "Bauriedel, Friedrich"]
[Black "Meise, Ulrich"]
[Result "1/2-1/2"]
[WhiteElo "1780"]
[BlackElo "1757"]
[PlyCount "69"]
[SourceDate "2022.10.02"]

1. d4 d5 2. e3 Nf6 3. f4 h5 4. Bd3 Nc6 5. c3 Bg4 6. Nf3 Ne4 7. Nbd2 f5 8. Qc2
e6 9. Bxe4 fxe4 10. Ng1 Bd6 11. Nf1 g5 12. h3 Bf5 13. Qe2 gxf4 14. exf4 Qf6 15.
Be3 O-O-O 16. O-O-O Rdg8 17. g3 Bg6 18. Qd2 Ne7 19. Ne2 Be8 20. c4 dxc4 21. d5
Nf5 22. dxe6 Ba4 23. Re1 b6 24. Nd4 Nxe3 25. Nxe3 Bc5 26. Ndc2 Qxe6 27. f5 Qf7
28. Qc3 Qf8 29. Qxc4 Bxc2 30. Qe6+ Kb8 31. Kxc2 Bxe3 32. Rxe3 Qc5+ 33. Rc3 Qf2+
34. Kb3 Rxg3 35. Qxe4 1/2-1/2

[Event "Gerthe- Kupferdreh"]
[Site "?"]
[Date "2022.11.06"]
[Round "4.8"]
[White "Al Zoubi, Ahmad"]
[Black "Jarosz, Kamil"]
[Result "1/2-1/2"]
[WhiteElo "1600"]
[BlackElo "1655"]
[PlyCount "28"]
[SourceDate "2022.10.02"]

1. e4 e5 2. Nf3 Nc6 3. Bc4 Bc5 4. b4 Bxb4 5. c3 Be7 6. O-O Nf6 7. Re1 O-O 8. d4
exd4 9. cxd4 d5 10. exd5 Nxd5 11. Bb2 Bf6 12. Ba3 Nb6 13. Bb5 Be7 14. Bb2 Bd7
1/2-1/2

[Event "Bochum Linden- Eving"]
[Site "?"]
[Date "2022.11.06"]
[Round "4.1"]
[White "Sprungala, Erik"]
[Black "Hahn, Matthias"]
[Result "1/2-1/2"]
[WhiteElo "1985"]
[BlackElo "2088"]
[PlyCount "40"]
[SourceDate "2022.10.02"]

1. d4 d5 2. c4 e6 3. Nf3 Nf6 4. Nc3 c5 5. cxd5 cxd4 6. Qxd4 exd5 7. e4 dxe4 8.
Qxd8+ Kxd8 9. Ng5 Be6 10. Nxe6+ fxe6 11. Bg5 Ke8 12. O-O-O Nc6 13. Bb5 Rc8 14.
Kb1 Bb4 15. Bxf6 gxf6 16. Nxe4 f5 17. Nd6+ Bxd6 18. Rxd6 Ke7 19. Rhd1 Rhd8 20.
Rxd8 Rxd8 1/2-1/2

[Event "Bochum Linden- Eving"]
[Site "?"]
[Date "2022.11.06"]
[Round "4.2"]
[White "Boehm, Ingo"]
[Black "Michalek, Franz"]
[Result "1-0"]
[WhiteElo "2177"]
[BlackElo "1896"]
[Annotator "daniel"]
[PlyCount "145"]
[SourceDate "2022.10.02"]

1. e4 c5 2. Nf3 d6 3. d4 cxd4 4. Nxd4 Nf6 5. Nc3 a6 6. Bc4 e5 7. Nde2 Be7 8.
O-O Nbd7 9. a4 O-O 10. Ng3 Qc7 11. Nf5 Nc5 12. Nxe7+ Qxe7 13. Bg5 Be6 14. Nd5
Bxd5 15. Bxd5 Rab8 16. Qf3 Ne6 17. Bxf6 Qxf6 18. Qxf6 gxf6 19. Rfd1 Rfd8 20.
Rd2 Kf8 21. c3 Ke7 22. g3 b6 23. Kf1 Nc7 24. Ke2 h6 25. Ke3 f5 26. f3 Rf8 27.
Bc4 fxe4 28. fxe4 a5 29. Rf1 Rbc8 30. Bd5 Ne8 31. Rdf2 f6 32. Kd3 Nc7 33. Bc4
Rcd8 34. Ke3 Rc8 35. Rd2 Ne8 36. Kd3 Nc7 37. Ke3 Ne8 38. Bd5 Rc5 39. Ba2 Nc7
40. Rfd1 Rd8 41. Kf3 Ne8 $11 42. Kg4 Ng7 43. Rf1 Rf8 44. h4 b5 45. axb5 Rxb5
46. Bc4 Rc5 47. Bd5 Rb8 48. Ra1 h5+ 49. Kh3 Ne6 50. Rf1 Ng7 51. Ba2 a4 52. Rf3
Rcb5 53. Rff2 Rc5 54. Bd5 a3 55. bxa3 Rxc3 56. a4 Ne6 57. Kh2 Rc5 58. Rb2 Rbc8
59. Rb7+ R8c7 60. Rfb2 Nd8 61. Rb8 f5 62. Ra8 fxe4 63. Bxe4 d5 64. Bf3 Rc2+ 65.
Rxc2 Rxc2+ 66. Kh3 e4 67. Bxh5 Ne6 68. Bg4 e3 69. Ra5 Kd6 70. Ra6+ Rc6 71.
Rxc6+ Kxc6 72. Kg2 d4 73. Bxe6 1-0

[Event "Bochum Linden- Eving"]
[Site "?"]
[Date "2022.11.06"]
[Round "4.3"]
[White "Krause, Dieter"]
[Black "Kandyba, Andriy"]
[Result "0-1"]
[WhiteElo "2030"]
[BlackElo "1951"]
[PlyCount "84"]
[SourceDate "2022.10.02"]

1. c4 Nf6 2. g3 g6 3. Bg2 Bg7 4. Nc3 O-O 5. e4 e5 6. Nge2 c5 7. O-O d6 8. d3 a6
9. h3 Bd7 10. f4 b5 11. f5 b4 12. Nd5 Nxd5 13. cxd5 a5 14. a4 bxa3 15. bxa3 a4
16. Rb1 Na6 17. Be3 f6 18. g4 Rb8 19. Qc2 Nc7 20. Nc3 Nb5 21. Nxb5 Bxb5 22. Rb2
Qa5 23. Rfb1 Qa6 24. Bf1 Rb7 25. Qc3 Rfb8 26. Bd2 Bd7 27. Rxb7 Rxb7 28. Rxb7
Qxb7 29. Kf2 Kf7 30. Be2 Qb6 31. Ke1 Ke7 32. Kd1 Qb1+ 33. Qc1 Qb3+ 34. Ke1 Bb5
35. Qc3 Bh6 36. Qc1 Bf4 37. Bxf4 exf4 38. fxg6 hxg6 39. Qxf4 Qxa3 40. Qh6 Qc3+
41. Kd1 a3 42. Qc1 Ba4+ 0-1

[Event "Bochum Linden- Eving"]
[Site "?"]
[Date "2022.11.06"]
[Round "4.4"]
[White "Schmidt, Ralph"]
[Black "Krams, Amatus"]
[Result "0-1"]
[WhiteElo "1959"]
[BlackElo "1474"]
[PlyCount "32"]
[SourceDate "2022.10.02"]

1. e4 e5 2. Nf3 Nc6 3. Bc4 Nf6 4. Ng5 Bc5 5. d4 Bxd4 6. Nxf7 Bxf2+ 7. Kf1 Qe7
8. Nxh8 d5 9. exd5 Nd4 10. Be2 Bh4 11. c3 Nxe2 12. Qxe2 Bg4 13. Qc4 Qd7 14. g3
Qf5+ 15. Ke1 Qc2 16. Rf1 Ne4 0-1

[Event "Bochum Linden- Eving"]
[Site "?"]
[Date "2022.11.06"]
[Round "4.5"]
[White "Nathe, Nico"]
[Black "Hochstein, Udo"]
[Result "1-0"]
[WhiteElo "1733"]
[BlackElo "2013"]
[PlyCount "93"]
[SourceDate "2022.10.02"]

1. d4 Nf6 2. c4 g6 3. Nc3 Bg7 4. Nf3 O-O 5. e3 d5 6. Bd3 c6 7. O-O Bg4 8. h3
Bxf3 9. Qxf3 e6 10. b4 Nbd7 11. Rb1 dxc4 12. Bxc4 e5 13. d5 Nb6 14. Bb3 cxd5
15. Rd1 d4 16. exd4 exd4 17. Ne2 Qe7 18. Bg5 h6 19. Bxf6 Bxf6 20. Nxd4 Kg7 21.
Qg3 Bxd4 22. Rxd4 Rad8 23. Rbd1 Rxd4 24. Rxd4 Rc8 25. Rf4 f6 26. Qf3 Rc7 27.
Re4 Qd6 28. g3 Re7 29. Qe2 Re5 30. Rxe5 fxe5 31. Qe4 Qe7 32. Bc2 g5 33. Qh7+
Kf8 34. Qxh6+ Ke8 35. Bf5 Kd8 36. Qh8+ Kc7 37. Qh7 Qxh7 38. Bxh7 Nd5 39. a3 Nc3
40. Kg2 Nb5 41. Kf3 Nxa3 42. Kg4 b5 43. Kxg5 a5 44. bxa5 b4 45. h4 b3 46. h5
Kd6 47. Kf6 1-0

[Event "Bochum Linden- Eving"]
[Site "?"]
[Date "2022.11.06"]
[Round "4.6"]
[White "Boemelburg, Hans- Juergen"]
[Black "Jaehnicke, Karl- Heinz"]
[Result "1/2-1/2"]
[WhiteElo "1709"]
[BlackElo "1823"]
[PlyCount "141"]
[SourceDate "2022.10.02"]

1. e4 e5 2. Nf3 d6 3. d4 exd4 4. Qxd4 Nc6 5. Bb5 Bd7 6. Qd3 Nf6 7. O-O Be7 8.
Nc3 O-O 9. Re1 a6 10. Bxc6 Bxc6 11. Nd5 Re8 12. c4 h6 13. Nd4 Bd7 14. Bd2 Ng4
15. Nxe7+ Qxe7 16. Bc3 Qh4 17. Qg3 Qxg3 18. hxg3 Ne5 19. b3 b5 20. cxb5 axb5
21. Nf5 b4 22. Bxe5 Rxe5 23. f4 Rc5 24. Ne7+ Kf8 25. Nd5 Rb8 26. Rec1 c6 27.
Rxc5 dxc5 28. Ne3 Ra8 29. Nc4 Be6 30. Nd2 g6 31. Kf2 Ke7 32. Ke3 Kd7 33. Kd3
Kc7 34. Kc2 Rd8 35. Rd1 Rd4 36. Re1 c4 37. bxc4 c5 38. Re3 Bxc4 39. Nxc4 Rxc4+
40. Kb2 Rd4 41. a3 Rd2+ 42. Kb3 bxa3 43. Kxa3 Kc6 44. f5 gxf5 45. exf5 Kd6 46.
Kb3 Rxg2 47. Kc4 Rf2 48. Ra3 Rxf5 49. Ra6+ Ke7 50. Rxh6 f6 51. Rh1 Rg5 52. Re1+
Kd6 53. Rd1+ Kc6 54. Rd3 Rg4+ 55. Kc3 Ra4 56. Kb2 Ra6 57. Rd8 Kb5 58. Rh8 Kc4
59. Rh4+ Kd3 60. g4 Rb6+ 61. Kc1 c4 62. Rh3+ Kd4 63. Rf3 Re6 64. Rf1 Ra6 65.
Rf4+ Kd3 66. Rf3+ Ke4 67. Rf5 Rd6 68. Kc2 Rc6 69. Kc3 Ke3 70. g5 fxg5 71. Rxg5
1/2-1/2

[Event "Bochum Linden- Eving"]
[Site "?"]
[Date "2022.11.06"]
[Round "4.8"]
[White "Knackstedt, Ulf"]
[Black "Undank, Luca"]
[Result "1-0"]
[WhiteElo "1753"]
[BlackElo "1531"]
[PlyCount "73"]
[SourceDate "2022.10.02"]

1. d4 d5 2. e3 Nf6 3. Bd3 e6 4. c3 c5 5. f4 Nc6 6. Nd2 c4 7. Bc2 b5 8. Ngf3 Ng4
9. Qe2 Be7 10. O-O h5 11. e4 O-O 12. h3 Nf6 13. e5 Ne8 14. Nh2 g6 15. Ndf3 Ng7
16. Ng5 Nf5 17. Qe1 Qb6 18. Bxf5 exf5 19. Kh1 Be6 20. Rg1 b4 21. Nxe6 fxe6 22.
g4 Kf7 23. Qe2 Rh8 24. gxf5 gxf5 25. Be3 bxc3 26. bxc3 Qa5 27. Rac1 Rab8 28.
Nf3 Qa3 29. Rc2 Ke8 30. Bf2 Kd7 31. Bh4 Bxh4 32. Nxh4 Rh6 33. Qg2 Rh7 34. Nxf5
Rf8 35. Nd6 Rxf4 36. Qg8 Nxd4 37. Qc8+ 1-0

[Event "Oberhausen 2- Dorsten"]
[Site "?"]
[Date "2023.02.26"]
[Round "5.1"]
[White "Tig, Achmet"]
[Black "Joergens, Markus"]
[Result "0-1"]
[WhiteElo "1979"]
[BlackElo "2072"]
[PlyCount "42"]
[SourceDate "2022.10.02"]

1. d4 d5 2. Nf3 c6 3. c4 Nf6 4. Nc3 dxc4 5. a4 Bf5 6. e3 e6 7. Bxc4 Bb4 8. O-O
O-O 9. Qe2 Bg4 10. Rd1 Nbd7 11. e4 Qe7 12. Bg5 e5 13. d5 Rac8 14. dxc6 bxc6 15.
Ba6 Rb8 16. Rac1 Nc5 17. Bd3 Nb3 18. Rb1 Nd4 19. Qe3 Bxf3 20. gxf3 Bc5 21. Ne2
Nb3 0-1

[Event "Oberhausen 2- Dorsten"]
[Site "?"]
[Date "2023.02.26"]
[Round "5.2"]
[White "Matzat, Andre"]
[Black "Nowok, Frank"]
[Result "1-0"]
[WhiteElo "2057"]
[BlackElo "1944"]
[PlyCount "77"]
[SourceDate "2022.10.02"]

1. d4 Nf6 2. Nf3 e6 3. Bf4 d5 4. c3 Bd6 5. e3 O-O 6. Nbd2 Nbd7 7. Bg3 Re8 8.
Ne5 Nf8 9. Bd3 Bxe5 10. dxe5 N6d7 11. O-O Qg5 12. Bf4 Qe7 13. Re1 Ng6 14. Qh5
f5 15. Nf3 Ndf8 16. Rad1 Nxf4 17. exf4 Qf7 18. Qxf7+ Kxf7 19. c4 Ke7 20. Nd4
dxc4 21. Bxc4 a6 22. a4 Bd7 23. a5 Rad8 24. Kf1 Bc8 25. Ke2 Rd7 26. Ke3 Red8
27. Rd3 Kf7 28. Red1 g6 29. h4 b5 30. axb6 cxb6 31. Nc6 Rxd3+ 32. Bxd3 Rd5 33.
Nb4 Rd7 34. Rc1 Bb7 35. Bxa6 Bxa6 36. Nxa6 Ke7 37. Rc8 Rb7 38. Nb8 Nd7 39. Nc6+
1-0

[Event "Oberhausen 2- Dorsten"]
[Site "?"]
[Date "2023.02.26"]
[Round "5.3"]
[White "Hermanowski, Mark"]
[Black "Krueger, Andre"]
[Result "1/2-1/2"]
[WhiteElo "1931"]
[BlackElo "1950"]
[PlyCount "61"]
[SourceDate "2022.10.02"]

1. e4 c5 2. f4 e6 3. Nf3 d5 4. e5 Nc6 5. Be2 Nh6 6. c3 Nf5 7. O-O h5 8. d3 h4
9. Na3 Be7 10. Nc2 d4 11. cxd4 Ncxd4 12. Ne3 Bd7 13. Nxf5 Nxf5 14. Ng5 Bc6 15.
Bf3 Qd4+ 16. Rf2 c4 17. Bxc6+ bxc6 18. Qa4 O-O 19. Nf3 Qxd3 20. Ne1 Qd4 21. Nf3
Qd3 22. Ne1 Qe4 23. Kf1 Rfd8 24. Qc2 Qd4 25. Re2 Bc5 26. Nf3 Qd1+ 27. Ne1 Qd4
28. Nf3 Qd1+ 29. Ne1 Qd4 30. Nf3 Qd1+ 31. Ne1 1/2-1/2

[Event "Oberhausen 2- Dorsten"]
[Site "?"]
[Date "2023.02.26"]
[Round "5.4"]
[White "Groß, Thomas"]
[Black "Buesken, Klaus"]
[Result "1/2-1/2"]
[WhiteElo "2029"]
[BlackElo "1844"]
[PlyCount "43"]
[SourceDate "2022.10.02"]

1. Nf3 d5 2. g3 Nf6 3. Bg2 g6 4. b3 Bg7 5. Bb2 O-O 6. c4 dxc4 7. bxc4 c5 8. O-O
Nc6 9. d3 Rb8 10. Nbd2 Qc7 11. a3 b6 12. Ra2 Nd7 13. Bxg7 Kxg7 14. Qa1+ Kg8 15.
h4 Nf6 16. Ng5 Nd4 17. Nde4 Nxe4 18. Nxe4 Bb7 19. h5 gxh5 20. Qc1 Qe5 21. Qh6
Qf5 22. Qg5+ 1/2-1/2

[Event "Oberhausen 2- Dorsten"]
[Site "?"]
[Date "2023.02.26"]
[Round "5.5"]
[White "Hater, Norbert"]
[Black "Gerst, Michael"]
[Result "0-1"]
[WhiteElo "1838"]
[BlackElo "1942"]
[PlyCount "32"]
[SourceDate "2022.10.02"]

1. d4 Nf6 2. Nc3 d5 3. e4 Nxe4 4. Nxe4 dxe4 5. Bc4 Nc6 6. c3 e5 7. Qb3 Qd7 8.
Be3 Na5 9. Bxf7+ Qxf7 10. Qb5+ Nc6 11. d5 a6 12. Qa4 Qxd5 13. Rd1 Qf7 14. Qxe4
Bf5 15. Qh4 Be7 16. Qg3 Qg6 0-1

[Event "Oberhausen 2- Dorsten"]
[Site "?"]
[Date "2023.02.26"]
[Round "5.6"]
[White "Stefaniak, Christian"]
[Black "Heinrichs, Maximilian"]
[Result "1/2-1/2"]
[WhiteElo "2038"]
[BlackElo "1814"]
[PlyCount "29"]
[SourceDate "2022.10.02"]

1. e4 e6 2. d4 d5 3. exd5 exd5 4. Nf3 Bd6 5. Bd3 Ne7 6. O-O O-O 7. Bg5 f6 8.
Bh4 Bf5 9. Bg3 Bxd3 10. Qxd3 Qd7 11. Bxd6 Qxd6 12. Re1 Ng6 13. c3 Nd7 14. Nbd2
a6 15. Nb3 1/2-1/2

[Event "Oberhausen 2- Dorsten"]
[Site "?"]
[Date "2023.02.26"]
[Round "5.7"]
[White "Nashir, Ramin"]
[Black "Kraus, Kilian"]
[Result "1/2-1/2"]
[WhiteElo "1432"]
[BlackElo "1763"]
[PlyCount "97"]
[SourceDate "2022.10.02"]

1. Nf3 Nf6 2. g3 g6 3. Bg2 Bg7 4. O-O O-O 5. d4 d5 6. c4 c6 7. Nc3 Bf5 8. Qb3
b6 9. Ne5 Be6 10. cxd5 Nxd5 11. Nxd5 Bxd5 12. Bxd5 Qxd5 13. Qxd5 cxd5 14. Bf4
Bxe5 15. Bxe5 Nc6 16. Rac1 Rac8 17. Rfd1 g5 18. g4 f6 19. Bg3 Nxd4 20. Kf1 Nc2
21. Kg1 e6 22. Bd6 Rf7 23. Rd2 Rc6 24. Rdxc2 Rxd6 25. Kg2 f5 26. gxf5 exf5 27.
Kg3 d4 28. Rd2 Rfd7 29. Rcd1 Kf7 30. Rd3 f4+ 31. Kf3 Kf6 32. e3 fxe3 33. fxe3
Ke5 34. exd4+ Rxd4 35. Rxd4 Rxd4 36. Rxd4 Kxd4 37. Kg4 Kd3 38. Kxg5 Kc2 39. b4
a5 40. bxa5 bxa5 41. Kh6 a4 42. Kxh7 a3 43. h4 Kb2 44. h5 Kxa2 45. h6 Kb1 46.
Kg8 a2 47. h7 a1=Q 48. h8=Q Qxh8+ 49. Kxh8 1/2-1/2

[Event "SV Bönen 1 - SV Horst-Emscher 2"]
[Site "Verbandsliga - Gr. 1 2022/3"]
[Date "2023.02.26"]
[Round "5.1"]
[White "Dönges, Dirk"]
[Black "Schlottmann, Fabian"]
[Result "0-1"]
[WhiteElo "1850"]
[BlackElo "2292"]
[PlyCount "62"]
[EventDate "2023.??.??"]
[SourceDate "2022.10.02"]
[WhiteTeam "SV Horst-Emscher 2"]
[BlackTeam "SV BÃ¶nen 1"]

1. e4 e6 2. d4 d5 3. exd5 exd5 4. Nf3 Bd6 5. Be2 Bf5 6. Be3 Nf6 7. h3 Nbd7 8.
Nbd2 O-O 9. O-O Re8 10. Re1 c6 11. c4 Bc7 12. c5 a5 13. a3 a4 14. b4 axb3 15.
Qxb3 Qc8 16. Nh4 Be6 17. f4 Nxc5 18. Qc2 Nce4 19. Bf3 g6 20. Nxe4 Nxe4 21. g4
Qd8 22. Ng2 Qd6 23. a4 Ra5 24. Bxe4 dxe4 25. Qxe4 Rea8 26. Qc2 b5 27. Qb2 Rxa4
28. Rxa4 Rxa4 29. Ra1 Bd5 30. Ne1 Qe6 31. Rxa4 Qxe3+ 0-1

[Event "SV Bönen 1 - SV Horst-Emscher 2"]
[Site "Verbandsliga - Gr. 1 2022/3"]
[Date "2023.02.26"]
[Round "5.2"]
[White "Mönkemeyer, Maik"]
[Black "Wilbert, Siegfried"]
[Result "1-0"]
[WhiteElo "1874"]
[BlackElo "1871"]
[PlyCount "137"]
[EventDate "2023.??.??"]
[SourceDate "2022.10.02"]
[WhiteTeam "SV BÃ¶nen 1"]
[BlackTeam "SV Horst-Emscher 2"]

1. d4 d5 2. c4 c6 3. cxd5 cxd5 4. Nc3 Nf6 5. Nf3 Nc6 6. e3 a6 7. Bd3 g6 8. O-O
Bg7 9. a3 O-O 10. b4 Bg4 11. Bb2 e5 12. Be2 Bxf3 13. Bxf3 exd4 14. exd4 Re8 15.
Qd3 b5 16. Rae1 Qd6 17. Re3 Bh6 18. Rxe8+ Rxe8 19. Bc1 Bxc1 20. Rxc1 Re6 21. g3
Kg7 22. Ne2 Ne4 23. Nf4 Re8 24. Ne2 f5 25. Bxe4 fxe4 26. Qc3 Rc8 27. Qc5 Qd7
28. Qb6 Ne7 29. Qxa6 Rxc1+ 30. Nxc1 Qg4 31. Qxb5 Qd1+ 32. Qf1 Qxd4 33. Nb3 Qb2
34. Qa1 Qxa1+ 35. Nxa1 d4 36. Nb3 Kf6 37. Nxd4 Ke5 38. Nc2 Kd5 39. Kf1 Kc4 40.
Ke2 Kb3 41. Kd2 Nd5 42. h3 Ka4 43. Ne3 Nc7 44. Kc3 Nb5+ 45. Kc4 Nxa3+ 46. Kc5
Nb5 47. Nd5 Na3 48. Nc3+ Kb3 49. Nxe4 Kc2 50. b5 Kd3 51. Nd6 Nxb5 52. Kxb5 Ke2
53. f4 Kf3 54. f5 gxf5 55. Nxf5 Kg2 56. h4 Kh3 57. Kc6 Kg4 58. Ng7 Kxg3 59. h5
Kg4 60. Kd6 Kg5 61. Ke6 Kh6 62. Kf7 Kg5 63. Kg8 Kh6 64. Kh8 Kg5 65. Kxh7 Kf6
66. h6 Kf7 67. Nf5 Kf8 68. Nd6 Ke7 69. Kg7 1-0

[Event "SV Bönen 1 - SV Horst-Emscher 2"]
[Site "Verbandsliga - Gr. 1 2022/3"]
[Date "2023.02.26"]
[Round "5.3"]
[White "Renn, Thorsten"]
[Black "Merz, Martin"]
[Result "1-0"]
[WhiteElo "1875"]
[BlackElo "1971"]
[PlyCount "83"]
[EventDate "2023.??.??"]
[SourceDate "2022.10.02"]
[WhiteTeam "SV Horst-Emscher 2"]
[BlackTeam "SV BÃ¶nen 1"]

1. e4 c5 2. Nf3 d6 3. d4 cxd4 4. Nxd4 Nf6 5. Nc3 a6 6. Bg5 e6 7. f4 Qb6 8. Qd2
Qxb2 9. Rb1 Qa3 10. e5 h6 11. Bh4 dxe5 12. fxe5 g5 13. exf6 gxh4 14. Be2 Qa5
15. O-O Qg5 16. Qd3 Nd7 17. Nf5 Rg8 18. g3 hxg3 19. Nxg3 Nc5 20. Qf3 Bd7 21.
Rb6 Rc8 22. Rd1 Bc6 23. Rxc6 Rxc6 24. Kh1 Rd6 25. Rb1 Rd4 26. Bxa6 Qf4 27. Bxb7
Qxf3+ 28. Bxf3 Bd6 29. Bc6+ Kd8 30. Nb5 Rgg4 31. Bf3 Rh4 32. Nxd4 Bxg3 33. Kg2
Bd6 34. Nc6+ Kc7 35. h3 Rf4 36. Na7 Rxf6 37. Nb5+ Kd7 38. Rd1 e5 39. Bg4+ Ke7
40. Nxd6 Rxd6 41. Rxd6 Ne4 42. Rxh6 1-0

[Event "SV Bönen 1 - SV Horst-Emscher 2"]
[Site "Verbandsliga - Gr. 1 2022/3"]
[Date "2023.02.26"]
[Round "5.4"]
[White "Fuest, Torsten"]
[Black "Verführt, Christian"]
[Result "1/2-1/2"]
[WhiteElo "1897"]
[BlackElo "1840"]
[PlyCount "236"]
[EventDate "2023.??.??"]
[SourceDate "2022.10.02"]
[WhiteTeam "SV BÃ¶nen 1"]
[BlackTeam "SV Horst-Emscher 2"]

1. d4 e6 2. Nf3 f5 3. Bf4 Nf6 4. e3 b6 5. Be2 Bb7 6. O-O Be7 7. h3 O-O 8. c4 c5
9. Nc3 d6 10. Rc1 Na6 11. Bh2 Qd7 12. Qb3 Rfd8 13. Rfd1 Ne4 14. a3 Nxc3 15.
Qxc3 Qe8 16. Ne1 Bf6 17. Bf3 Bxf3 18. Nxf3 Rac8 19. Qd3 Qg6 20. Qb3 Nb8 21.
dxc5 dxc5 22. Qb5 Qe8 23. Be5 Nc6 24. Bxf6 gxf6 25. b4 Qe7 26. bxc5 bxc5 27.
Rxd8+ Nxd8 28. Rd1 Nc6 29. Nd2 Qd6 30. Qa4 Rd8 31. Kf1 Ne5 32. Ke2 Qd3+ 33. Ke1
Qc3 34. Qb3 Qxb3 35. Nxb3 Rxd1+ 36. Kxd1 Nxc4 37. Nxc5 Nxa3 38. Nxe6 Kf7 39.
Nd4 Kg6 40. Kd2 Nc4+ 41. Kc3 Nd6 42. f3 Kf7 43. Kb4 Ke8 44. Kc5 Kd7 45. h4 a5
46. Nc2 Kc7 47. Na3 Nf7 48. Nc4 Ne5 49. Nxa5 Nd3+ 50. Kd5 Kd7 51. Nc6 Ne1 52.
Nd4 Nxg2 53. Nxf5 Ne1 54. Nd4 Ng2 55. Nf5 Ne1 56. Ke4 Ke6 57. Nd4+ Kf7 58. h5
Ng2 59. Ne2 Ne1 60. Nc3 Nc2 61. Nd5 Ke6 62. Nf4+ Kf7 63. Kd3 Ne1+ 64. Ke2 Nc2
65. Kd2 Nb4 66. Kc3 Nc6 67. Kd3 Ne5+ 68. Ke4 Nc4 69. Nd3 Nd2+ 70. Kf4 Nc4 71.
Nf2 Nd6 72. Nd3 Ne8 73. Ke4 Nd6+ 74. Kd5 Ne8 75. e4 Nc7+ 76. Kd6 Ne6 77. f4 Ng7
78. h6 Ne6 79. e5 fxe5 80. Kxe5 Nf8 81. Kf5 Ne6 82. Ne5+ Ke7 83. Nf3 Kf7 84.
Ke5 Nf8 85. f5 Nd7+ 86. Kf4 Nf6 87. Ne5+ Ke7 88. Kg5 Ne4+ 89. Kf4 Nf6 90. Nc4
Ng8 91. Kg5 Nf6 92. Ne3 Ne4+ 93. Kf4 Nf6 94. Ke5 Nd7+ 95. Ke4 Kf6 96. Kf4 Kf7
97. Nd5 Nc5 98. Ke5 Nd3+ 99. Kd4 Nf2 100. Ne3 Kf6 101. Kd5 Kg5 102. Ke6 Ne4
103. Ke5 Nf6 104. Ke6 Ne4 105. Ke5 Nf6 106. Ke6 Ne4 107. Nd5 Kxh6 108. Ke5 Ng5
109. Kf6 Kh5 110. Nf4+ Kg4 111. Ne6 Ne4+ 112. Ke5 Kf3 113. Nd4+ Ke3 114. Nc2+
Kf3 115. Nd4+ Ke3 116. Nc2+ Kf3 117. Ne1+ Ke3 118. Nc2+ Kf3 1/2-1/2

[Event "SV Bönen 1 - SV Horst-Emscher 2"]
[Site "Verbandsliga - Gr. 1 2022/3"]
[Date "2023.02.26"]
[Round "5.5"]
[White "Hiebsch, Catalina"]
[Black "Helmert, Jochen"]
[Result "0-1"]
[WhiteElo "1793"]
[BlackElo "1892"]
[PlyCount "122"]
[EventDate "2023.??.??"]
[SourceDate "2022.10.02"]
[WhiteTeam "SV Horst-Emscher 2"]
[BlackTeam "SV BÃ¶nen 1"]

1. e4 e5 2. Nf3 Nc6 3. Bc4 Nf6 4. d3 h6 5. c3 Be7 6. O-O d6 7. Nbd2 O-O 8. Re1
Na5 9. Bb5 a6 10. Ba4 b5 11. Bc2 Nc6 12. Nf1 Re8 13. h3 Bf8 14. Ng3 g6 15. a3
Bg7 16. b4 d5 17. Bb2 dxe4 18. dxe4 Be6 19. a4 Qe7 20. Nd2 Red8 21. Qe2 Rab8
22. Qe3 Nd7 23. a5 h5 24. Rad1 Kh7 25. Bc1 Bh6 26. Qf3 Qh4 27. Bb3 Qe7 28. Ngf1
Nf8 29. Ne3 Rxd2 30. Bxe6 Rxd1 31. Rxd1 Qxe6 32. Nd5 Bxc1 33. Nxc7 Qe7 34. Nd5
Qb7 35. Rxc1 Ne6 36. Qf6 Rf8 37. Rd1 Nf4 38. Nxf4 exf4 39. Qxf4 Qe7 40. Rd6 Rc8
41. f3 Kg7 42. Rd5 Rd8 43. Rc5 Rd1+ 44. Kf2 Rd6 45. g3 Qd7 46. Ke2 Rd1 47. Qe3
Rd6 48. g4 hxg4 49. hxg4 Qe6 50. Qf4 Qa2+ 51. Ke1 Qb1+ 52. Kf2 Qd1 53. Rd5 Rxd5
54. exd5 Qxd5 55. Qe3 Ne5 56. Kg3 Nd3 57. Qb6 Qe5+ 58. Kg2 Nf4+ 59. Kf2 g5 60.
Qd4 Qxd4+ 61. cxd4 Nd3+ 0-1

[Event "SV Bönen 1 - SV Horst-Emscher 2"]
[Site "Verbandsliga - Gr. 1 2022/3"]
[Date "2023.02.26"]
[Round "5.6"]
[White "Wegner, Stephan"]
[Black "Schreiner, Paulo"]
[Result "1/2-1/2"]
[WhiteElo "1791"]
[BlackElo "1822"]
[PlyCount "59"]
[EventDate "2023.??.??"]
[SourceDate "2022.10.02"]
[WhiteTeam "SV BÃ¶nen 1"]
[BlackTeam "SV Horst-Emscher 2"]

1. e4 e5 2. Nf3 Nc6 3. Bc4 Nf6 4. d3 Be7 5. O-O O-O 6. Nc3 d6 7. a4 Bg4 8. h3
Be6 9. Nd5 Bxd5 10. exd5 Nb4 11. d4 e4 12. Nd2 Nbxd5 13. Nxe4 Nb6 14. Bd3 Nxe4
15. Bxe4 d5 16. Bd3 Nd7 17. Qf3 Nf6 18. Bg5 h6 19. Bh4 Ne4 20. Bxe7 Qxe7 21.
Rfe1 f5 22. Qe2 Qf6 23. c3 Rae8 24. Qc2 c6 25. Re2 Re7 26. Rae1 Rfe8 27. Qb3
Nd6 28. Rxe7 Rxe7 29. Rxe7 Qxe7 30. Qd1 1/2-1/2

[Event "SV Bönen 1 - SV Horst-Emscher 2"]
[Site "Verbandsliga - Gr. 1 2022/3"]
[Date "2023.02.26"]
[Round "5.7"]
[White "Konietzka, Bernd"]
[Black "Lenz, Guntram"]
[Result "1-0"]
[WhiteElo "1894"]
[BlackElo "1814"]
[PlyCount "49"]
[EventDate "2023.??.??"]
[SourceDate "2022.10.02"]
[WhiteTeam "SV Horst-Emscher 2"]
[BlackTeam "SV BÃ¶nen 1"]

1. e4 c6 2. Nf3 d5 3. exd5 cxd5 4. d4 Nc6 5. Bd3 Bg4 6. c3 Qc7 7. O-O Nf6 8.
Bg5 Ne4 9. Be3 e6 10. Nbd2 Nxd2 11. Bxd2 Bd6 12. h3 Bh5 13. Re1 Bg6 14. Bg5
Bxd3 15. Qxd3 h6 16. Bd2 O-O 17. Rac1 Rac8 18. Re2 a6 19. Rce1 b5 20. a3 Ne7
21. Nh4 g5 22. Nf3 Ng6 23. Rxe6 Bf4 24. Bxf4 fxe6 25. Qxg6+ 1-0

[Event "SV Bönen 1 - SV Horst-Emscher 2"]
[Site "Verbandsliga - Gr. 1 2022/3"]
[Date "2023.02.26"]
[Round "5.8"]
[White "Volling, Andreas"]
[Black "Dementjew, Dmitriy"]
[Result "1-0"]
[WhiteElo "1796"]
[BlackElo "1873"]
[PlyCount "83"]
[EventDate "2023.??.??"]
[SourceDate "2022.10.02"]
[WhiteTeam "SV BÃ¶nen 1"]
[BlackTeam "SV Horst-Emscher 2"]

1. d4 b6 2. c4 e6 3. Nc3 Bb7 4. Nf3 f5 5. Bg5 Nf6 6. Qb3 Be7 7. O-O-O Ng4 8.
Bxe7 Qxe7 9. Rd2 Nxf2 10. Rg1 d6 11. d5 e5 12. c5 Na6 13. Qb5+ Kf8 14. c6 Bc8
15. b4 Nb8 16. Qc4 Ba6 17. b5 Bc8 18. g3 a6 19. a4 axb5 20. axb5 Qf6 21. e3 Ng4
22. Bh3 Nxe3 23. Qe2 Qh6 24. Nh4 Nxd5 25. Nxd5 Ra1+ 26. Kb2 Rxg1 27. Bxf5 Bxf5
28. Nxf5 Qg5 29. Nfe3 Kg8 30. Qf2 Rh1 31. h4 Qd8 32. Nf5 g6 33. Nde7+ Kf7 34.
Nxd6+ Kg7 35. Qf7+ Kh6 36. Ndf5+ Kh5 37. Rxd8 Rxd8 38. Qxh7+ Kg4 39. Qxg6+ Kh3
40. Ne3 Rd4 41. Qf5+ Kh2 42. Qf2+ 1-0

[Event "Katernberg 3- Unser Fritz"]
[Site "?"]
[Date "2023.02.26"]
[Round "5.1"]
[White "Distelrath, Oliver"]
[Black "Rosen, Willy"]
[Result "0-1"]
[WhiteElo "1913"]
[BlackElo "2100"]
[PlyCount "48"]
[SourceDate "2022.10.02"]

1. e4 c5 2. Nc3 Nc6 3. Bb5 Nd4 4. Bc4 e6 5. Nge2 Ne7 6. O-O a6 7. a4 g6 8. d3
Bg7 9. Nxd4 cxd4 10. Ne2 O-O 11. Bg5 f6 12. Bh4 d5 13. Bb3 g5 14. Bg3 f5 15. f4
fxe4 16. fxg5 Nf5 17. dxe4 dxe4 18. Qd2 Kh8 19. g6 hxg6 20. Nf4 Qg5 21. Qe2
Nxg3 22. hxg3 e5 23. Nh3 Bxh3 24. gxh3 Qxg3+ 0-1